| 000 | 00914nam a2200217 a 4500 | ||
|---|---|---|---|
| 001 | 000047768 | ||
| 005 | 20201002060726.0 | ||
| 008 | 180807s2018 dr a 000 0 spa d | ||
| 020 | _a9789945125498 | ||
| 040 |
_aDO-SdBNP _bspa _cBNPHU |
||
| 082 |
_axxxx _bxxxx |
||
| 100 | 1 |
_aReyes Báez, Yanett _974890 |
|
| 245 | 1 | 0 |
_aCiencias de la naturaleza : _bquímica 5 / _cYanett Reyes Báez ; ilustraciones Julio C. Martínez. |
| 260 |
_aSanto Domingo : _bSusaeta, _c2018. |
||
| 300 |
_a342 p. : _bil. ; _c29 cm. |
||
| 500 | _aEnfoque por competencias nuevo currículo | ||
| 504 | _aBibliografía : p. 342 | ||
| 505 | 0 |
_aDe la teoría atómica moderna a los elementos químicos de lo seres vivos -- _tEnlaces, estructuras químicas y sus reacciones -- _tCompuestos del carbono, biomoléculas y bioquímica -- _tGeoquímica y astroquímica. |
|
| 590 | _aInventariado, 2018/LP | ||
| 700 | 1 |
_aMartínez, Julio C. _eil. _975362 |
|
| 999 |
_c47256 _d47256 |
||